Film français : Le Gendarme de Saint-Tropez - Statistiques

Statistiques générales
  • Ce quiz a été pris 72 fois
  • Le résultat moyen est 7 sur 18
Statistiques - réponses
Questions Réponses % Correct
Acteur jouant le rôle de Ludovic Cruchot. Louis de Funès
100%
Acteur jouant le rôle de Jérôme Gerber. Michel Galabru
82%
Année de sortie du film. 1964
70%
Communauté qui donnait du fil à retordre à Gerber et que Cruchot parvint à arrêter. Les nudistes
58%
Modèle de voiture Ford décapotable que vole Jean-Luc accompagné par Nicole qui était un peu "forcée". Également le nom d'une race de chevaux nord-américains. Mustang
45%
Futur animateur de jeux télévisés (notamment de "Des chiffres et des lettres") qui joue le rôle de Jean-Luc, ami de Nicole. Patrice Laffont
43%
Actrice et chanteuse jouant le rôle de Nicole, la fille de Cruchot. Geneviève Grad
42%
Réalisateur du film. Jean Girault
39%
Peintre néerlandais du XVIIe siècle, célèbre pour son clair-obscur et la sobriété toute hollandaise de ses œuvres, dont l'un des tableaux a été volé dans le film. Rembrandt van Rijn
37%
Chanson interprétée par Nicole sur une musique de Raymond Lefebvre bien qu'elle fit des fautes de mesure, selon ce dernier. Do you, do you Saint-Tropez
28%
Acteur incarnant le paysan dont Cruchot réquisitionne le tracteur pour tirer la décapotable volée, du bourbier dans lequel elle était enlisée. Acteur qui était le père d'un chanteur et époux d'une actrice célèbre. Il est aussi connu pour son sermon en tant que Curé de Cucugnan dans "Les Lettres de Mon Moulin" de Marcel Pagnol (adapté du recueil d'Alphonse Daudet). Fernand Sardou
27%
Acteur incarnant le bourgeois mondain André-Hugues Boiselier. Il sera aussi connu dans les années 1980 pour ses sketchs avec Pierre Desproges. Claude Piéplu
24%
Série française historique (médiévale) conçue par Jean-Claude Deret, qui a eu beaucoup de succès à la même époque. Elle a été parodiée par les scénaristes du film lorsque Cruchot, soudain en costume d'époque, capture les malfrats avec en arrière-fond la musique de la série qui a été composée par Jacques Loussier. Thierry la Fronde
24%
Selon les paroles de la chanson, "Pas besoin de costume à Saint Tropez. Un vieux ____ ____ suffit pour s’habiller."
Vêtement américain industriel dont la mode a commencé avec la jeunesse dite anticonformiste des années 1960.
Blue jean
21%
Complétez cette réplique de Cruchot : "Mais enfin ! Mais pourquoi ce ________ m'appelle-t-il Ferguson ?".
Terme qui désigne un jeune homme aux manières affectées et qui se plaît à courtiser les femmes (selon le CNRTL)
Godelureau
7%
Dialoguiste du film. Jacques Vilfrid
7%
Chant sacré que chante la chorale de Nicole à laquelle se joint Cruchot après avoir arrêté un voleur de poules. La Vigne du Seigneur
7%
Créateur original des personnages du film. Richard Balducci
7%
Aucun quiz correspondant
Distribution des résultats
% des personnes avec chaque résultat
Percentile par nombre de réponses
Votre historique - résultats
Vous n’avez pas pris ce quiz